MARC details
| 000 -LEADER |
| fixed length control field |
02954cam a2200301Ia 4500 |
| 001 - CONTROL NUMBER |
| control field |
biobalanceacidal00wile |
| 003 - CONTROL NUMBER IDENTIFIER |
| control field |
CaSfIA |
| 005 - DATE AND TIME OF LATEST TRANSACTION |
| control field |
20230525154553.0 |
| 007 - PHYSICAL DESCRIPTION FIXED FIELD--GENERAL INFORMATION |
| fixed length control field |
cr|||| |
| 008 - FIXED-LENGTH DATA ELEMENTS--GENERAL INFORMATION |
| fixed length control field |
040223s1989 utu b 001 0 eng d |
| 040 ## - CATALOGING SOURCE |
| Original cataloging agency |
NOR |
| Transcribing agency |
NOR |
| Modifying agency |
OCLCQ |
| -- |
OCLCG |
| -- |
CaSfIA |
| 020 ## - INTERNATIONAL STANDARD BOOK NUMBER |
| International Standard Book Number |
0943685052 |
| 020 ## - INTERNATIONAL STANDARD BOOK NUMBER |
| International Standard Book Number |
9780943685052 |
| 035 ## - SYSTEM CONTROL NUMBER |
| System control number |
(OCoLC)54467673 |
| 090 ## - LOCALLY ASSIGNED LC-TYPE CALL NUMBER (OCLC); LOCAL CALL NUMBER (RLIN) |
| Classification number (OCLC) (R) ; Classification number, CALL (RLIN) (NR) |
RC630 |
| Local cutter number (OCLC) ; Book number/undivided call number, CALL (RLIN) |
.W55 1989 |
| 100 1# - MAIN ENTRY--PERSONAL NAME |
| Personal name |
Wiley, Rudolf A., |
| Dates associated with a name |
1946- |
| 245 10 - TITLE STATEMENT |
| Title |
BioBalance : |
| Medium |
[electronic resource] |
| Remainder of title |
the acid/alkaline solution to the food-mood-health puzzle / |
| Statement of responsibility, etc. |
Rudolf A. Wiley. |
| 246 30 - VARYING FORM OF TITLE |
| Title proper/short title |
Acid/alkaline solution to the food-mood-health puzzle |
| 260 ## - PUBLICATION, DISTRIBUTION, ETC. |
| Place of publication, distribution, etc. |
Orem, Utah : |
| Name of publisher, distributor, etc. |
Essential Science Pub., c1989. |
| 300 ## - PHYSICAL DESCRIPTION |
| Extent |
vi, 210 p. ; |
| Dimensions |
22 cm. |
| 504 ## - BIBLIOGRAPHY, ETC. NOTE |
| Bibliography, etc. note |
Includes bibliography (p. 199-200) and index. |
| 505 00 - FORMATTED CONTENTS NOTE |
| Title |
Foreword / |
| Statement of responsibility |
Howard E. Hagglund -- |
| Title |
Preface -- |
| Miscellaneous information |
ch. 1. |
| Title |
BioBalance therapy is for you -- |
| Miscellaneous information |
ch. 2. |
| Title |
What is BioBalance? -- |
| Miscellaneous information |
ch. 3. |
| Title |
The crisis in nutrition -- |
| -- |
A consumer's guide to nutritional therapy -- |
| Miscellaneous information |
ch. 4. |
| Title |
Popular nutritional therapy -- |
| -- |
Macrobiotics -- |
| -- |
The Big Mac attack -- |
| -- |
Fit for life -- |
| -- |
Fat and fit to be tied -- |
| -- |
The Pritikin program -- |
| -- |
How I stopped worrying and learned to love filet mignon -- |
| -- |
The Dr. Atkins super energy diet -- |
| -- |
Between time and Timbuktu -- |
| -- |
Candidiasis -- |
| -- |
Please pass the sugar -- |
| -- |
The Feingold diet -- |
| -- |
Will the real Adam please step forward -- |
| -- |
Eat to win -- |
| -- |
Breakfast of champions -- |
| -- |
Psychodietetics/orthomolecular medicine -- |
| -- |
The Dr. Berger immune power diet/the Dr. Randolph allergen free elimination-rotation diet -- |
| -- |
Weight maintenance -- |
| -- |
The premenstrual syndrome (PMS) diet -- |
| -- |
One who kept the faith -- |
| Miscellaneous information |
ch. 5. |
| Title |
BioBalance and cyclic disorders -- |
| -- |
A case of premenstrual syndrome (PMS) -- |
| Miscellaneous information |
ch. 6. |
| Title |
The crisis in psychotherapy -- |
| -- |
The cave man school of psychonutrition -- |
| -- |
The naughty and nice school of psychonutrition -- |
| -- |
Almost there -- |
| -- |
Being there -- |
| Miscellaneous information |
ch. 7. |
| Title |
The refugees of psychotherapy -- |
| -- |
You take care of my body, I'll take care of my mind -- |
| -- |
Fear of flying and other phobias -- |
| -- |
The hunt for Red October -- |
| Miscellaneous information |
ch. 8. |
| Title |
Questions most frequently asked about BioBalance therapy -- |
| Miscellaneous information |
ch. 9. |
| Title |
How to determine your BioProfile, achieve BioBalance and attain peak performance -- |
| -- |
About weight control -- |
| Miscellaneous information |
ch. 10. |
| Title |
Conclusion : whom do I believe? -- |
| Miscellaneous information |
appendix a. |
| Title |
Nutritional regimen appropriate for acidic biochemical types -- |
| -- |
Nutritional regimen appropriate for alkaline biochemical types -- |
| -- |
Nutritional regimen appropriate for mixed biochemical types -- |
| -- |
References/bibliography -- |
| -- |
Index -- |
| -- |
Biography. |
| 650 #0 - SUBJECT ADDED ENTRY--TOPICAL TERM |
| Topical term or geographic name entry element |
Acid-base imbalances |
| General subdivision |
Nutritional aspects. |
| 650 #0 - SUBJECT ADDED ENTRY--TOPICAL TERM |
| Topical term or geographic name entry element |
Acid-base imbalances |
| General subdivision |
Diet therapy. |
| 650 #0 - SUBJECT ADDED ENTRY--TOPICAL TERM |
| Topical term or geographic name entry element |
Acid-base imbalances |
| General subdivision |
Psychological aspects. |
| 856 41 - ELECTRONIC LOCATION AND ACCESS |
| Uniform Resource Identifier |
<a href="http://www.archive.org/details/biobalanceacidal00wile">http://www.archive.org/details/biobalanceacidal00wile</a> |
| Public note |
Free eBook from the Internet Archive |
| 856 42 - ELECTRONIC LOCATION AND ACCESS |
| Uniform Resource Identifier |
<a href="http://www.openlibrary.org/books/OL8445845M">http://www.openlibrary.org/books/OL8445845M</a> |
| Public note |
Additional information and access via Open Library |